LEADER 01096nam0-22003731i-450- 001 990005470320203316 005 20010829120000.0 035 $a000547032 035 $aUSA01000547032 035 $a(ALEPH)000547032USA01 035 $a000547032 100 $a20010829d1977-------|0enac50------ba 101 $aeng 102 $aUS 105 $a|||| ||||| 200 1 $aBalance of payments Manual$fIMF 210 $aFourth Edition 215 $aWashinhton$cFourth Edition, 1977 - 203 p.$d23 cm. 606 $aBilancia dei pagamenti$2FI 620 $dWashington 676 $a382.17$cBilancia dei pagamenti$v21 710 02$aFondo monetario internazionale$0523825 712 $aInternational Monetary Fund 801 $aIT$bSOL$c20120104 912 $a990005470320203316 950 $aDIP.TO SCIENZE ECONOMICHE - (SA)$dDS 300 382.17 INT$e576 DISES 951 $a300 382.17 INT$b576 DISES 959 $aBK 969 $aDISES 979 $c20121027$lUSA01$h1532 979 $c20121027$lUSA01$h1613 996 $aBalance of payments Manual$91475781 997 $aUNISA NUM $aUSA7263 LEADER 01450nam 2200385 450 001 9910702407303321 005 20140718090355.0 035 $a(CKB)5470000002428100 035 $a(OCoLC)883892498 035 $a(EXLCZ)995470000002428100 100 $a20140718d1934 ua 0 101 0 $aeng 135 $aurbn||||||||| 181 $ctxt$2rdacontent 182 $cc$2rdamedia 183 $acr$2rdacarrier 200 10$aCode of fair competition for the household ice refrigerator industry as approved on December 30, 1933 by President Roosevelt 210 1$aWashington :$cUnited States Government Printing Office,$d1934. 215 $a1 online resource (14 unnumbered pages) 300 $aTitle from title screen (viewed July 18, 2014). 300 $aAt head of title: National Recovery Administration. 300 $a"Registry No. 1328-1-01." 300 $a"Approved Code No. 183." 300 $aPublication pre-dates item numbers. No item number has been assigned. 517 3 $aHousehold ice refrigerator industry 606 $aRefrigerators$zUnited States$xEquipment and supplies 606 $aIce 615 0$aRefrigerators$xEquipment and supplies. 615 0$aIce. 801 0$bGPO 801 1$bGPO 906 $aBOOK 912 $a9910702407303321 996 $aCode of fair competition for the household ice refrigerator industry as approved on December 30, 1933 by President Roosevelt$93195935 997 $aUNINA LEADER 03173nam 2200553Ia 450 001 9910781999603321 005 20230725051547.0 010 $a1-57506-618-1 035 $a(CKB)2550000000052396 035 $a(OCoLC)759160107 035 $a(CaPaEBR)ebrary10495942 035 $a(SSID)ssj0000534085 035 $a(PQKBManifestationID)11331195 035 $a(PQKBTitleCode)TC0000534085 035 $a(PQKBWorkID)10493154 035 $a(PQKB)11450841 035 $a(MiAaPQ)EBC3155587 035 $a(Au-PeEL)EBL3155587 035 $a(CaPaEBR)ebr10495942 035 $a(EXLCZ)992550000000052396 100 $a20091228d2010 uy 0 101 0 $aeng 135 $aurcn||||||||| 181 $ctxt 182 $cc 183 $acr 200 10$aAramaic in postbiblical Judaism and early Christianity$b[electronic resource] $epapers from the 2004 National Endowment for the Humanities Summer Seminar at Duke University /$fedited by Eric M. Meyers and Paul V.M. Flesher 210 $aWinona Lake, Ind. $cEisenbrauns$d2010 215 $a1 online resource (322 p.) 225 1 $aDuke Judaic studies series ;$vv. 3 300 $aBibliographic Level Mode of Issuance: Monograph 311 $a1-57506-178-3 320 $aIncludes bibliographical references and indexes. 327 $aAwakening sleeping texts. Reconsidering the letter of Mara Bar Serapion / David Rensberger ; Transgressive: meaning and implications of 'wl' in Jewish Syriac text and translation / Sigrid Peterson ; The composition of the Qenneshra?e fragment / Michael Penn ; A note on an Aramaic date formula found at Nabratein and Zoar / Eric M. Meyers ; When? After the destruction of the temple / Paul V.M. Flesher -- The details of language. The function of the active participle in the Aramaic of Daniel / Tarsee Li ; Tracing the history of a legal term of art: the word azarah in biblical, Tannaitic, and Targumic literature / Madeline Kochen ; The adverb YLWA ("perhaps") in the piety and prophecy of the Hebrew Bible and early versions / William Reader ; Translating the Hebrew particle UA YK into Aramaic and English: an exploration through the Targums and the Peshitta / Blane W. Conklin -- Recasting : Making an old text new. The use of the first person in the Genesis apocryphon / Stephen A. Reed ; Syntactic double translation in the Targumim / Michael Carasik ; The fish grows bigger: angelic insertions in Targums Neofiti and pseudo-Jonathan / David L. Everson ; Hapax Legomena and the development of proto-Onqelos: the case of Genesis / Kyong-Jin Lee ; The wisdom of the sages: Rabbinic rewriting of Qohelet / Paul V.M. Flesher. 410 0$aDuke Judaic studies series ;$vv. 3. 606 $aAramaic language$vCongresses 606 $aSyriac language$vCongresses 615 0$aAramaic language 615 0$aSyriac language 676 $a492.2 701 $aFlesher$b Paul Virgil McCracken$01472147 701 $aMeyers$b Eric M$0647292 801 0$bMiAaPQ 801 1$bMiAaPQ 801 2$bMiAaPQ 906 $aBOOK 912 $a9910781999603321 996 $aAramaic in postbiblical Judaism and early Christianity$93684837 997 $aUNINA